[Event "Sachsen-ch U14 Girls"]
[Site "Sebnitz"]
[Date "2006.04.19"]
[Round "3"]
[White "Schumer, Claudia"]
[Black "Reichelt, Luisa Marie"]
[Result "0-1"]
[WhiteElo "881"]
[BlackElo "1218"]
[PlyCount "130"]
[EventDate "2006.04.18"]
[EventType "swiss"]
[EventRounds "7"]
[EventCountry "GER"]
[SourceTitle "EXT 2007"]
[Source "ChessBase"]
[SourceDate "2006.11.23"]
[SourceVersion "1"]
[SourceVersionDate "2006.11.23"]
[SourceQuality "1"]

1. e4 d5 2. f3 e5 3. Nc3 d4 4. Nd5 c6 5. Nc3 dxc3 6. dxc3 Qxd1+ 7. Kxd1 Bc5 8. Ne2 h6 9. Ng3 Nf6 10. Bc4 0-0 11. Bd2 Rd8 12. Kc1 b5 13. Bb3 a5 14. a4 Bb7 15. c4 bxc4 16. Bxc4 Bb6 17. Bc3 Bd4 18. Rd1 Ba6 19. Bb3 c5 20. Nf5 Nc6 21. Bxd4 cxd4 22. c3 d3 23. c4 Rab8 24. Ra3 Rb4 25. Ba2 Bxc4 26. Bxc4 Rxc4+ 27. Kb1 Nb4 28. Rc3 Rxc3 29. bxc3 Nc6 30. Kc1 Kh7 31. Rd2 g6 32. Ne3 Nh5 33. Rb2 Nf4 34. Kd2 Kg8 35. g3 Ne6 36. Ng4 Kg7 37. Rb5 Rb8 38. Rxb8 Nxb8 39. Nxe5 Nc5 40. Nxd3 Nxa4 41. Kc2 Nb6 42. Kb3 Nc6 43. Nc5 Kf8 44. f4 f6 45. Ne6+ Ke7 46. Nd4 Kd6 47. Nxc6 Kxc6 48. e5 a4+ 49. Ka3 fxe5 50. fxe5 Kd5 51. Kb4 Kxe5 52. c4 a3 53. Kxa3 Nxc4+ 54. Kb3 Ne3 55. Kc3 Ke4 56. Kd2 Kf3 57. Ke1 Kg2 58. Ke2 Nf1 59. g4 Nxh2 60. Ke3 Nxg4+ 61. Kf4 h5 62. Kg5 h4 63. Kxg4 h3 64. Kg5 h2 65. Kxg6 h1Q 0-1